000 01247nam a2200325Ia 4500
001 dia_5291
003 CHAP
005 20251023163715.0
008 220117s2008 xx 000 0 und d
010 _a176201
020 _a978-970-31-1025-4
040 _cCHAP
082 _a576.15 B33 2008
245 _aDe las bacterias al clima : un enfoque ecológico /
_c Alfonso Esquivel Herrera...[et al.] ; compilación Martha Signoret Poillón
260 _aMéxico :
_b Universidad Autónoma Metropolitana, Unidad Xochimilco, División de Ciencias Biológicas y de la Salud, Departamento El Hombre y su Ambiente,
_c2008
300 _a236 p.
440 _aContribuciones científicas. Académicos CBS ; 5
_9158130
504 _aIncluye bibliografías
590 _aQR100 B33 2008
650 _aCambio global del medio ambiente
_9133223
650 _aEcología microbiana
_935184
650 _aGlobal environmental change
_9158131
650 _aMicrobial ecology
_9158132
700 _aEsquivel Herrera, Alfonso, coaut.
_9158133
700 _aSignoret Poillón, Martha, comp.
_9158134
901 _a576.15 B33 2008
902 _aA
905 _a5232272008 mx aimn8223223322spa16
942 _cLIBRO
_2ddc
999 _c176201
_d176201